LEADER 01226nam a2200241 i 4500 001 000000170841 003 CaOOAMICUS 005 20210830135455.0 008 080409n it u000 u ita u 013 $a148257 040 $aSeMil$bita 110 2 $aAssociazione Bibliotecari Ecclesiastici Italiani.$0(OLS)http://semarc/name/1792 245 10$aCD 1/2001 /$cABEI ; elaborazione dati Valerio Vestrini & Biblioteca del Seminario Vescovile di Vicenza. 260 $aRoma :$bAssociazione dei bibliotecari ecclesiastici italiani,$c[2001] 500 $aIn custodia. 700 1 $aSeminario Vescovile : Biblioteca.$0(OLS)http://semarc/name/8672 700 1 $aVestrini, Valerio.$0(OLS)http://semarc/name/8671 773 0 $aAssociazione Bibliotecari Ecclesiastici Italiani$tCatalogo collettivo Biblioteche Ecclesiastiche Italiane.$dRoma : Associazione dei bibliotecari ecclesiastici italiani, [2001?]$w()19416 850 $aSeMil 852 $aSeMil$W1$xVenegono$y1$mMM A 73/01$j224486$B235561$CSeMilBibl$Z2$F235561 $8I 996 $6245$aCD 1/2001$9(OLS)http://semarc/title/244357 996 $6260$aRoma :$bAssociazione dei bibliotecari ecclesiastici italiani$9(OLS)http://semarc/publisher/35107 LEADER 00965nam a2200253 i 4500 001 000000184431 003 CaOOAMICUS 005 20100108000000.0 008 100108s1920 fr u000 u fre u 013 $a162411 040 $aSeMil$bita 245 10$aTome 2. 250 $a26. éd. 260 $aParis :$bJ. Gabalda,$c1920. 260 $aParis :$bV. Lecoffre,$c1920. 300 $a500 p. ;$c18 cm. 490 0 $aOrigines de l'Église 773 0 $aFouard, Constant Henri <1837-1904>$tVie de N.-S. Jésus-Christ.$dParis : V. Lecoffre, 1920.$b26. éd. (54. à 58. mille).$w()22704 830 0$aOrigines de l'Église.$0(OLS)http://semarc/title/30416 850 $aSeMil 852 $aSeMil$W1$xVenegono$y1$m2X I 42$j135127$B135127$CSeMilBibl$Z2$F146751 $81 996 $6245$aTome 2$9(OLS)http://semarc/title/1533 996 $6260$aParis :$bV. Lecoffre$9(OLS)http://semarc/publisher/35503 996 $6260$aParis :$bJ. Gabalda$9(OLS)http://semarc/publisher/35504